Statistics for Zimbabwe Country Quiz (difficult)

Click here to take the quiz!

General Stats

  • This quiz has been taken 106 times
  • The average score is 23 of 48

Answer Stats

HintAnswer% Correct
What is the capital cityHarare
88%
With which protectorates was a Federation formedNorthern Rhodesia and Nyasaland
80%
Which countries border ZimbabweSouth Africa
79%
Zambia
79%
yellow
78%
black
77%
Botswana
77%
green
77%
Mozambique
77%
What colour bands are represented on the flagred
77%
English
76%
As a result, the country changed its name, to whatRhodesia
75%
For which Imperial power did they ^ colonise her forBritain
74%
Which rivers border the country to the north and southZambezi
74%
Who was the new Prime MinisterRobert Mugabe
69%
What is the Wonder of the World found on the northern borderVictoria Falls
68%
Limpopo
63%
What is the second cityBulawayo
60%
IsiNdebele
60%
Kingdom that was created by those fleeing ZululandMatabele
59%
What are the National LanguagesChiShona
56%
How many provinces are there in Zimbabwe10
55%
This ultimately caused the second Chimurenga, true or falsetrue
53%
What is the national symbolZimbabwe Bird
51%
Who was the Prime MinisterIan Smith
43%
Which is the largest national park in the countryHwange
42%
After which nationalist leader is the Bulawayo Airport namedJoshua Nkomo
41%
What was the Colony originally calledSouthern Rhodesia
40%
When was ^ it declared1965
38%
What infrastructure project was completed during the days of the Federation to provide hydro-electricityKariba Dam
38%
Which agreement ended the fightingLancaster House Agreement
31%
In what year was the imperial flag hoisted1890
29%
Company that colonised the countryBritish South Africa Company
29%
Where was it hoisted ^Fort Salisbury
27%
What is the collective name for the high parts to the EastEastern Highlands
25%
In which year was the Ndebele uprising1896
24%
When was the colony given Responsible Government1923
24%
In what year was the southern kingdom brought into the colony1894
22%
On what date was Zimbabwe given its Independance18 April 1980
21%
Kingdom that succeeded ^Rozwi
20%
Which National Park was joined with Gaza and Kruger to form the Great Limpopo Transfrontier National Park, the first of its kindGonarezhou
18%
Who were the spiritual leaders of the 1st ChimurengaNehanda and Kagubi
18%
Which is the largest dam in the country (completely in the country)Mutirikwi
16%
What does UDI stand forUnilateral Declaration of Independance
12%
Who is considered the national musicianOliver Mtukudzi
11%
In which years was the First Chimurenga1896-7
10%
First kingdom (creators of Great Zimbabwe)Munamatapa
9%
What years was the Federation operational1953-1963
8%

Score Distribution

Percentile by Number Answered

Percent of People with Each Score

Your Score History

You have not taken this quiz